00888nam a2200277Ia 4500003000400000005001700004006001800021007000300039008004100042024001100083037001100094040001800105041001300123100003300136110009500169245008700264260000900351300001800360650001500378700003300393700003300426700002500459700009500484942001200579999001900591OSt20220930090258.0a|||||r|||| 00| 0ta220926b |||||||| |||| 00| 0 eng d a109158 cTheses aCRLcCRLbeng 2engaeng aAkhilesh Kumar Singh9542208 aUniversity of Delhi. Faculty of Medical Sciences. Department of Medical Physiology9533997 0aTo study olfactory dysfunction and visual evoked potentials in Parkinson's disease c2010 a95p.ap.ccm. aPHYSIOLOGY a Dr. Bal Krishan Gu.9542209 a Dr. J. L. Goyal Gu.9532948 a Dr. Meena Gupta Gu. aUniversity of Delhi. Faculty of Medical Sciences. Department of Medical Physiology9533998 cDIS2CC c880318d880318